| 000 | 01500cam a2200481 4500 | ||
|---|---|---|---|
| 001 | L130183 | ||
| 002 | 7910 | ||
| 008 | 050630n2005 000 0 eng u | ||
| 020 | _a0750662239 | ||
| 035 | _a(Sirsi) u130183 | ||
| 041 | _aeng | ||
| 100 | _aGalbraith, Anne | ||
| 245 | _aGalbraith's building and land management law for students | ||
| 250 | _a5th ed. | ||
| 260 |
_aOxford _bElsevier Butterworth-Heinemann _c2005 |
||
| 300 |
_axxi, 404p _c24cm. |
||
| 350 | _a24.99 | ||
| 505 | _aSettlement of disputes | ||
| 505 | _aCentral and local government | ||
| 505 | _aBusiness organisations | ||
| 505 | _aThe law of contract | ||
| 505 | _aSpecial contracts | ||
| 505 | _aSpecial contracts - building contracts | ||
| 505 | _aEmployment law | ||
| 505 | _aThe law of tort | ||
| 505 | _aHealth and safety | ||
| 505 | _aLand law | ||
| 505 | _aLandlord and tenant | ||
| 505 | _aPlanning law | ||
| 505 | _aHighways | ||
| 505 | _aBuilding regulations | ||
| 520 | _aFully updated to take into account all the changes in the law since 1998, including amendments to the Health and Safety Acts, introduction of new EU laws, and changes to the Building Regulations. | ||
| 590 | _aIKA020805 | ||
| 690 |
_aConstruction management _96230 |
||
| 700 | _aStockdale, Michael | ||
| 700 | _aWilson, Stephen | ||
| 700 | _aMitchell, Rebecca | ||
| 700 | _aSpurgeon, Simon | ||
| 700 | _aWoodley, Mick | ||
| 700 | _aHewitson, Russell | ||
| 700 | _aDavenport, Alan | ||
| 942 | _n0 | ||
| 999 |
_c104383 _d104383 |
||